Three policy arenas (Registro nro. 12901)
[ vista simple ]
| 000 -CABECERA | |
|---|---|
| Campo de control | 004520000a22001690004500 |
| 090 ## - CLASIFICACIÓN LOCAL | |
| Colección | AR |
| Consecutivo | 03866 |
| 041 0# - IDIOMA | |
| Código de idioma para texto/pista de sonido o título separado | |
| 245 10 - MENCION DE TITULO | |
| Título | Three policy arenas |
| 260 ## - PUBLICACION, DISTRIBUCION, ETC. (PIE DE IMPRENTA) | |
| Lugar de publicación, distribución, etc. | Chicago |
| Nombre del editor, distribuidor, etc. | University of Chicago Press |
| Fecha de publicación, distribución, etc. | 1981 |
| 300 ## - DESCRIPCION FISICA | |
| Extensión | 41-183 |
| 500 ## - NOTA GENERAL | |
| Nota general | <Colección Biocomercio> |
| 650 14 - ASIENTO SECUNDARIO DE MATERIA - TERMINO TEMATICO | |
| Término temático o nombre geográfico como elemento de entrada | Políticas públicas |
| 650 14 - ASIENTO SECUNDARIO DE MATERIA - TERMINO TEMATICO | |
| Término temático o nombre geográfico como elemento de entrada | Desarrollo |
| 651 #4 - ASIENTO SECUNDARIO DE MATERIA - NOMBRE GEOGRAFICO | |
| -- | Estados Unidos |
| 773 1# - Item fuente: | |
| Título | Peterson, Paul E./ City Limits |
| 942 ## - ELEMENTOS ADICIONALES (KOHA) | |
| Tipo de ítem | Artículo |
| Withdrawn status | Lost status | Damaged status | No para préstamo | Colección | Ubicación Permanente | Ubicación actual | Fecha de adquisición | Fuente de Valor | Datos de publicación Seriada | Total Checkouts | Número topográfico | Inventario / Código de Barras | Date last seen | Ejemplar | Price effective from | Forma de adquisición | Tipo de material |
|---|---|---|---|---|---|---|---|---|---|---|---|---|---|---|---|---|---|
| No para Préstamo | Hemeroteca | Bogotá | Bogotá | 27/02/2015 | Biocomercio | Fuera de circulación | AR 03866 | 017423 | 25/03/2015 | 1 | 25/03/2015 | Artículo |